00504nam a22001577a 4500003000500000005001700005008004100022020001800063040000900081082001300090100003200103245014800135260004000283300001100323650001200334Nust20170408213423.0170408b xxu||||| |||| 00| 0 eng d a9781840221152 cNust a823bWOL aGoethe, Johann Wolfgang Von aFaust;ba tragedy in two parts with the urfaust /cby Johann Wolfgang von Goethe; translated with an introduction and notes by John R. Williams aLondon:bWordsworth Classics,c1999 a468 p. aFiction